Vplyv štýlu vedenia manažérov na spôsob ich rozhodovania

Na minha lista:
Detalhes bibliográficos
Autor principal: Nagyová, Lívia
Formato: Capítulo de Livro
Idioma:eslovaco
Tags: Adicionar Tag
Sem tags, seja o primeiro a adicionar uma tag!

MARC

LEADER 00000naa$a2200000$$$4500
001 0061554
005 20240502083147.6
041 0 |a slo 
044 |a CZ 
245 1 0 |a Vplyv štýlu vedenia manažérov na spôsob ich rozhodovania  |c Lívia Nagyová 
100 1 |a Nagyová, Lívia